Statistics for Island Countries

Click here to take the quiz!

General Stats

  • This quiz has been taken 205 times
  • The average score is 39 of 47

Answer Stats

Country % Correct
New Zealand
93%
Cuba
93%
Madagascar
92%
Indonesia
92%
Iceland
91%
Jamaica
91%
Japan
91%
Dominica
88%
Ireland
88%
Haiti
88%
Cyprus
87%
Malta
87%
United Kingdom
86%
Trinidad & Tobago
86%
Fiji
86%
Bahamas
86%
Antigua & Barbuda
85%
Dominican Republic
85%
Marshall Islands
85%
Barbados
85%
Tonga
85%
Samoa
84%
Seychelles
84%
Sri Lanka
84%
Saint Kitts and Nevis
84%
Nauru
81%
Saint Vincent and the Grenadines
81%
Taiwan
80%
Micronesia
80%
Solomon Islands
80%
Tuvalu
78%
Maldives
78%
Grenada
78%
Philippines
78%
Palau
78%
Vanuatu
76%
Kiribati
76%
Saint Lucia
76%
Mauritius
75%
Singapore
75%
São Tomé and Princípe
74%
Brunei
73%
Cape Verde
73%
East Timor
73%
Papua New Guinea
72%
Bahrain
72%
Comoros
72%

Score Distribution

Percentile by Number Answered

Percent of People with Each Score

Your Score History

You have not taken this quiz